000 00903nam a2200277 i 4500
001 000016149
003 DO-SdBNP
005 20230914091601.0
007 ta
008 100226s2001 dr a 001 0 spa d
040 _aDO-SdBNP
_bspa
_cBNPHU
_erda
049 _aBNPD
082 4 _bR618d
_222
100 1 _aRivas, Patria,
_936153
_eautora
245 1 3 _aEl DNA en la investigación de filiación /
_cPatria Rivas ; prólogo, Víctor José Castellano Estrella.
264 _aSanto Domingo :
_bLaboratorio Clinico Patria Rivas,
_c2001.
300 _a65 páginas :
_bilustraciones ;
_c21 cm.
336 _2rdacontent
_atexto
_btxt
337 _2rdamedia
_asin mediación
_bn
338 _2rdacarrier
_avolumen
_bnc
504 _aBibliografía : p. 61-65
590 _aInventariado, 2023/BT
700 1 _aCastellano Estrella, Víctor José,
_eprólogo
_917176
910 _aBtavárez
942 _2ddc
_cLBS1
999 _c15689
_d15689